Big Ten Teams that have won a B1G Championship Sudden Death - Statistics

General Stats
  • This quiz has been taken 28 times
  • The average score is 7 of 13
Answers on the Grid
Answers color-coded by a green-red scale on the quiz's grid according to % correct below.
Indiana Hoosiers
Ohio State Buckeyes
Oregon Ducks
Michigan Wolverines
USC Trojans
Iowa Hawkeyes
Illinois Fighting Illini
Minnesota Golden Gophers
Washington Huskies
Nebraska Cornhuskers
Northwestern Wildcats
Penn State NIttany Lions
UCLA Bruins
Rutgers Scarlet Knights
Wisconsin Badgers
Maryland Terrapins
Michigan State Spartans
Purdue Boilermakers
Chicago Maroons
 
Answer Stats
Answer % Correct
Michigan State Spartans
75%
Michigan Wolverines
75%
Ohio State Buckeyes
75%
Indiana Hoosiers
69%
Iowa Hawkeyes
63%
Oregon Ducks
63%
Penn State NIttany Lions
63%
Wisconsin Badgers
63%
Minnesota Golden Gophers
44%
Purdue Boilermakers
44%
Illinois Fighting Illini
38%
Northwestern Wildcats
25%
Chicago Maroons
19%
No matching quizzes found
Score Distribution
Percent of People with Each Score
Percentile by Number Answered
Your Score History
You have not taken this quiz